| 000 -LEADER |
| fixed length control field |
00646nam a2200241Ia 4500 |
| 001 - CONTROL NUMBER |
| control field |
16190 |
| 003 - CONTROL NUMBER IDENTIFIER |
| control field |
GE_BSU |
| 008 - FIXED-LENGTH DATA ELEMENTS--GENERAL INFORMATION |
| fixed length control field |
181216s||||||||xx |||||||||||||| ||und|| |
| 020 ## - INTERNATIONAL STANDARD BOOK NUMBER |
| International Standard Book Number |
9780521702713 |
| 040 ## - CATALOGING SOURCE |
| Transcribing agency |
GE_BSU |
| 080 ## - UNIVERSAL DECIMAL CLASSIFICATION NUMBER |
| Universal Decimal Classification number |
575+519.15+636 |
| 100 ## - MAIN ENTRY--PERSONAL NAME |
| Personal name |
Frankham,Richard. Ballou,Jonathan D. Briscoe, David A. |
| 245 ## - TITLE STATEMENT |
| Title |
Introduction to Conservation Genetics |
| 250 ## - EDITION STATEMENT |
| Edition statement |
second edition |
| 260 ## - PUBLICATION, DISTRIBUTION, ETC. |
| Place of publication, distribution, etc. |
Cambridge |
| 260 ## - PUBLICATION, DISTRIBUTION, ETC. |
| Name of publisher, distributor, etc. |
Cambridge university Press |
| 260 ## - PUBLICATION, DISTRIBUTION, ETC. |
| Date of publication, distribution, etc. |
2013 |
| 300 ## - PHYSICAL DESCRIPTION |
| Extent |
618p.ill.24cm. |
| 653 ## - INDEX TERM--UNCONTROLLED |
| Uncontrolled term |
Introduction to Conservation Genetics |
| 653 ## - INDEX TERM--UNCONTROLLED |
| Uncontrolled term |
გენეტიკა |
| 942 ## - ADDED ENTRY ELEMENTS (KOHA) |
| Koha item type |
წიგნი |